UK's largest aerial photographic survey project (Record no. 62646)

MARC details
000 -LEADER
fixed length control field 00752cam a2200229 4500
001 - CONTROL NUMBER
control field ABS61987
008 - FIXED-LENGTH DATA ELEMENTS--GENERAL INFORMATION
fixed length control field 000000n2000 000 0 eng u
035 ## - SYSTEM CONTROL NUMBER
System control number (Sirsi) u104419
100 ## - MAIN ENTRY--PERSONAL NAME
Personal name Simmons, G.
245 ## - TITLE STATEMENT
Title UK's largest aerial photographic survey project
260 ## - PUBLICATION, DISTRIBUTION, ETC.
Date of publication, distribution, etc. 2000
490 ## - SERIES STATEMENT
Series statement Geo Informatics
Volume/sequential designation 3(1) January-February 2000 18-21(3)
520 ## - SUMMARY, ETC.
Summary, etc. Describes the Millennium Aerial Photographic Survey project and the production, managerial, marketing, branding and organisational issues it raises.
590 ## - LOCAL NOTE (RLIN)
Local note ABS
650 ## - SUBJECT ADDED ENTRY--TOPICAL TERM
Topical term or geographic name entry element DIGITAL ORTHOPHOTO MAPS
650 ## - SUBJECT ADDED ENTRY--TOPICAL TERM
Topical term or geographic name entry element GIS
650 ## - SUBJECT ADDED ENTRY--TOPICAL TERM
Topical term or geographic name entry element GIS
650 ## - SUBJECT ADDED ENTRY--TOPICAL TERM
Topical term or geographic name entry element DIGITAL MAPPING
650 ## - SUBJECT ADDED ENTRY--TOPICAL TERM
Topical term or geographic name entry element MILLENNIUM AERIAL PHOTOGRAPHIC SURVEY
690 ## - LOCAL SUBJECT ADDED ENTRY--TOPICAL TERM (OCLC, RLIN)
Topical term or geographic name as entry element MAPPING AND MEASUREMENT
942 ## - ADDED ENTRY ELEMENTS (KOHA)
Suppress in OPAC 0
Holdings
Withdrawn status Lost status Source of classification or shelving scheme Damaged status Not for loan Home library Current library Shelving location Date acquired Total Checkouts Full call number Barcode Date last seen Copy number Price effective from Koha item type
    Dewey Decimal Classification     London London Journal article 25/02/2000   ABS61987 104419-1001 06/08/2019 1 06/08/2019 Journal article